000 00615nam a2200217Ia 4500
003 GCL
008 140319s9999 xx 000 0 ara d
040 _aGCL /
_cGCL
082 0 4 _a813.01
_bى و
100 1 _aيوسف القعيد
245 1 0 _aوجع البعاد /
_cيوسف القعيد
700 1 _aيوسف العقيد
260 _a[S.N] :
_bدار سعاد الصباح ،
_c1992
300 _a250 ص
490 _aرواية
_v0
650 0 4 _aالادب العربى
650 0 4 _aالقصص العربية
650 0 4 _aمصر
650 0 4 _aالقصص الاجتماعية
942 _2ddc
_cBK
999 _c29672
_d29672